বাংলাদেশের নারী উন্নয়ন ও লিঙ্গ বৈষম্য / (Record no. 77805)
[ view plain ]
| 000 -LEADER | |
|---|---|
| fixed length control field | 01748nam a2200301 a 4500 |
| 001 - CONTROL NUMBER | |
| control field | 77805 |
| 003 - CONTROL NUMBER IDENTIFIER | |
| rucl marc code | BD-RjUL |
| 005 - DATE AND TIME OF LATEST TRANSACTION | |
| control field | 20211209083028.0 |
| 008 - FIXED-LENGTH DATA ELEMENTS--GENERAL INFORMATION | |
| fixed length control field | 210119s2008 bg a|||| m||| 00| 0 ben d |
| 035 ## - SYSTEM CONTROL NUMBER | |
| System control number | (BD-RjUL)78031 |
| 040 ## - CATALOGING SOURCE | |
| Original cataloging agency | BD-RjUL |
| Language of cataloging | ben /eng |
| Transcribing agency | BD-RjUL |
| Modifying agency | BD-RjUL |
| 041 ## - LANGUAGE CODE | |
| Language code of text/sound track or separate title | ben |
| 082 ## - DEWEY DECIMAL CLASSIFICATION NUMBER | |
| Classification number | 305.4095492 |
| Author mark and year | NEB 2008 |
| Edition number | 23 |
| 100 ## - MAIN ENTRY--PERSONAL NAME | |
| Personal name | নেছা, মোসা. ফজিলাতুন |
| 9 (RLIN) | 243684 |
| 245 10 - TITLE STATEMENT | |
| Title | বাংলাদেশের নারী উন্নয়ন ও লিঙ্গ বৈষম্য / |
| Statement of responsibility, etc. | মোসা. ফজিলাতুন নেছা ; |
| Linkage | তত্ত্বাবধায়ক : তাহমিনা আলম |
| 260 ## - PUBLICATION, DISTRIBUTION, ETC. (IMPRINT) | |
| Place of publication, distribution, etc. | রাজশাহী : |
| Name of publisher, distributor, etc. | ইতিহাস বিভাগ, রাজশাহী বিশ্ববিদ্যালয়, |
| Date of publication, distribution, etc. | ২০০৮ |
| 300 ## - PHYSICAL DESCRIPTION | |
| Pagination | x, ৩০৫ পাতা : |
| Illustrations | চিএ ; |
| Size | ২৯ সেমি. |
| 502 ## - DISSERTATION NOTE | |
| Dissertation note | থিসিস ( পিএইচ. ডি.) -- ইতিহাস বিভাগ, রাজশাহী বিশ্ববিদ্যালয়, ২০০৮ |
| 504 ## - BIBLIOGRAPHY, ETC. NOTE | |
| Bibliography, etc | গ্রন্থপঞ্জি : পাতা [২৮৫]-৩০৫ |
| 650 ## - SUBJECT ADDED ENTRY--TOPICAL TERM | |
| Topical term or geographic name as entry element | মহিলা |
| Geographic subdivision | বাংলাদেশ |
| General subdivision | সামাজিক পরিস্থিতি |
| 9 (RLIN) | 243946 |
| Topical term or geographic name as entry element | Women |
| Geographic subdivision | Bangladesh |
| General subdivision | Social conditions. |
| 9 (RLIN) | 243947 |
| Topical term or geographic name as entry element | অর্থনৈতিক উন্নয়নে নারী |
| Geographic subdivision | বাংলাদেশ |
| 9 (RLIN) | 243948 |
| Topical term or geographic name as entry element | Women in economic development |
| Geographic subdivision | Bangladesh. |
| 9 (RLIN) | 243949 |
| Topical term or geographic name as entry element | লিঙ্গ বৈষম্য |
| 9 (RLIN) | 243950 |
| Topical term or geographic name as entry element | Gender discrimination |
| 9 (RLIN) | 243951 |
| 700 ## - ADDED ENTRY--PERSONAL NAME | |
| Personal name | আলম, তাহমিনা, তত্ত্বাবধায়ক |
| 942 ## - ADDED ENTRY ELEMENTS (KOHA) | |
| Source of classification or shelving scheme | Dewey Decimal Classification |
| Koha item type | Theses |
| Lost status | Source of classification or shelving scheme | Damaged status | Not for loan | Collection code | Permanent Location | Current Location | Shelving location | Date acquired | Source of acquisition | Total Checkouts | Full call number | Date last seen | Copy number | Koha item type |
|---|---|---|---|---|---|---|---|---|---|---|---|---|---|---|
| Dewey Decimal Classification | Not For Loan | Theses | Central Library, University of Rajshahi | Central Library, University of Rajshahi | Documentation Section | 16/08/2009 | Controller of Exam., R.U. | BTHE 305.4095492 NEB 2008 | 26/01/2021 | C-1 | Theses |